| 000 | 01117cab a2200265 4500 | ||
|---|---|---|---|
| 001 | WB2843-37 | ||
| 008 | 090401t1992 xxu||||| |||| 00| 0 eng d | ||
| 035 | _a(Sirsi) u55325 | ||
| 041 | _aeng | ||
| 245 | _aProtecting deposits | ||
| 260 | _c1992 | ||
| 350 | _a0 | ||
| 490 |
_aIndependent on Sunday _v1 November 1992, 17(1) |
||
| 520 | _aThe Association of Residential Letting Agents has set up a bonding scheme which offers protection to landlords and tenants. One aim of the bond is to ensure that tenants are repaid deposits if a letting agency collapses. A code of conduct covering the separation of office and client accounts offers further protection of clients` money. | ||
| 650 | _aASSOCIATION OF RESIDENTIAL LETTING AGENTS | ||
| 650 | _aCLIENTS MONEY | ||
| 650 | _aDEPOSITS | ||
| 650 | _aMANAGING AGENTS | ||
| 650 | _aPROPERTY-RESIDENTIAL PROPERTY-RESIDENTIAL LANDLORD AND TENANT-RESIDENTIAL TENANCIES | ||
| 650 | _aTENANTS | ||
| 650 | _aTRUST ACCOUNTS | ||
| 690 | _aPROPERTY-RESIDENTIAL PROPERTY-RESIDENTIAL LANDLORD AND TENANT-RESIDENTIAL TENANCIES | ||
| 942 | _n0 | ||
| 948 | _c04/03/1997 | ||
| 999 |
_c33791 _d33791 |
||